Mémoire de la chanson (Record no. 133528)

MARC details
000 -LEADER
campo de control de longitud fija 00734nam a2200229 i 4500
001 - NÚMERO DE CONTROL
campo de control 133528
003 - IDENTIFICADOR DE NÚMERO DE CONTROL
campo de control ES-MaACL
005 - FECHA Y HORA DE LA ÚLTIMA TRANSACCIÓN
campo de control 20250708022646.0
007 - CAMPO FIJO DE DESCRIPCIÓN FÍSICA--INFORMACIÓN GENERAL
campo de control de longitud fija t|
008 - DATOS DE LONGITUD FIJA--INFORMACIÓN GENERAL
campo de control de longitud fija 070820s1998 fr |||| | fre d
020 ## - NÚMERO INTERNACIONAL ESTÁNDAR DEL LIBRO
Número Internacional Estándar del Libro 2-258-05062-6
080 ## - NÚMERO DE LA CLASIFICACIÓN DECIMAL UNIVERSAL
Número de la Clasificación Decimal Universal 784(44)
245 00 - MENCIÓN DEL TÍTULO
Título Mémoire de la chanson
Resto del título : 1100 chansons du Moyen-Age áa 1919 /
Mención de responsabilidad, etc. réunies par Martin Pénet ; avec la collaboration de Claire Gausse.
260 ## - PUBLICACIÓN, DISTRIBUCIÓN, ETC.
Lugar de publicación, distribución, etc. Paris :
Nombre del editor, distribuidor, etc. Omnibus,
Fecha de publicación, distribución, etc. [1998]
300 ## - DESCRIPCIÓN FÍSICA
Extensión 1385 p. ;
Dimensiones 20 cm.
500 ## - NOTA GENERAL
Nota general Índices.
650 14 - PUNTO DE ACCESO ADICIONAL DE MATERIA--TÉRMINO DE MATERIA
Término de materia o nombre geográfico como elemento de entrada Canciones francesas
9 (RLIN) 10727
700 1# - ENTRADA AGREGADA--NOMBRE PERSONAL
Nombre de persona Pénet, Martin.
9 (RLIN) 90168
700 1# - ENTRADA AGREGADA--NOMBRE PERSONAL
Nombre de persona Gausse, Claire.
9 (RLIN) 56027
852 ## - LOCALIZACIÓN
Ubicación ES-MaACL
Número de control de estantería E-11975
Nota libre . - Biblioteca Jacinto Martínez Lacalle
Holdings
Estatus retirado Estado de pérdida Estado de daño No para préstamo Biblioteca de origen Biblioteca actual Ubicación en estantería Fecha de adquisición Fuente de adquisición Total de préstamos Signatura topográfica completa Código de barras Visto por última vez Precio de reemplazo Tipo de ítem Koha
        Biblioteca del Ateneo de Madrid Biblioteca del Ateneo de Madrid Depósito 2 17/01/2008     E-11975 1139005 23/02/2023 23/02/2023 Libro impreso